|
|
|
|
| LEADER |
00824nab#a2200325#ar4500 |
| 001 |
000039413 |
| 003 |
SVKKK |
| 005 |
00000000000000.0 |
| 008 |
c xo e sloo |
| FMT |
|
|
|
| 038 |
|
|
|a SVKKK
|
| 040 |
|
|
|a SVKKK
|b slo
|e AACR2
|
| 041 |
0 |
|
|a slo
|
| 044 |
|
|
|a xo
|c SK
|
| 080 |
|
|
|a 284.1:25
|2 1981
|
| 100 |
1 |
|
|a Soták, Peter
|4 com
|
| 245 |
1 |
0 |
|a Svanjelizačné stretnutie v Michalovciach
|c Soták Peter,
|
| 650 |
0 |
4 |
|a cirkev ev. a. v.
|
| 650 |
0 |
4 |
|a stretnutie evanjelizačné
|x Michalovce
|x 17.3.1996
|x program
|x priebeh
|x informácie
|
| 773 |
0 |
|
|t Evanjelický posol spod Tatier
|g Roč. 86, č. 13(1996), s. 103
|
| 957 |
|
|
|a Michalovce
|
| 958 |
|
|
|a MI
|
| 958 |
|
|
|a NP
|
| 958 |
|
|
|a RE
|
| 958 |
|
|
|a SV
|
| 974 |
|
|
|d 961001
|a SAB
|
| 992 |
|
|
|a RBX
|
| BAS |
|
|
|
| 852 |
|
|
|a SVKKK
|b BIB
|
| 998 |
|
|
|a REG
|